| 000 | 00445cam a2200181ua 4500 | ||
|---|---|---|---|
| 001 | 2873 | ||
| 008 | 110913n ii |||gr||||Z||||||asm | ||
| 040 | _cMAIN | ||
| 082 | _a920 | ||
| 100 | 1 | _aSharma, Jagdish Saran, | |
| 245 | 1 | 1 |
_aMahatma Gandhi _cby Jagdish Sharma |
| 250 | _a2nd. | ||
| 260 |
_aNew Delhi: _bS. chand & company,979. |
||
| 300 |
_a650p: _c25cm. |
||
| 653 | _aBibliography | ||
| 653 | _aBiography of Mahatma Gandhi | ||
| 942 | _cBK | ||
| 999 |
_c2722 _d2722 |
||